Almacenes generales de depósito: warrants

Salvato in:
Dettagli Bibliografici
Autore principale: Sfeir Sfeir, Eduardo (Autore)
Natura: Libro
Lingua:spagnolo
Pubblicazione: Santiago Jurídica de Chile 1982
Soggetti:
Tags: Aggiungi Tag
Nessun Tag, puoi essere il primo ad aggiungerne!!

MARC

LEADER 00000nam a2200000 a 4500
001 UCS1824
003 CL-VaPUC
008 970515e19820600CL |||||||||||||||||spa|d
082 0 4 |a 346.025  |b SFE  |2 21 
100 0 |a Sfeir Sfeir, Eduardo  |e author  |9 386650 
245 1 0 |a Almacenes generales de depósito: warrants 
300 |a 340 p 
942 |c BK 
945 |d 19970515 00:00:00  |a paguirre 
260 |a Santiago  |b Jurídica de Chile  |c 1982 
650 0 |a Derecho civil  |9 255013 
650 0 |a Contratos  |9 255153 
650 7 |a CONTRATO DE DEPOSITO  |2 CL-VaPUC  |9 386651 
650 0 |a Obligaciones   |9 255578 
650 0 |a Almacenamiento  |9 341876 
583 |a last modification  |c 19970515 00:00:00  |k Rodrigo Vera 
999 |c 259856  |d 259854 
952 |0 0  |1 0  |4 0  |6 346_025000000000000_SFE_1982  |7 0  |8 A  |9 285353  |a BIBDER  |b BIBDER  |d 2019-11-19  |i 1853678  |o 346.025 SFE 1982  |p 1853678  |r 2023-01-25  |w 2019-11-19  |y BK  |k DER